UK Towns Quiz - Blaenau Gwent - Wales - Statistics

General Stats
  • This quiz has been taken 24 times
  • The average score is 6 of 9
Answer Stats
Clue Population Town % Correct
E 19,633 Ebbw Vale
100%
A 10,252 Abertillery
83%
B 5,250 Brynmawr
75%
N 4,542 Nantyglo
75%
T 14,529 Tredegar
75%
B 4,558 Blaina
67%
C 2,509 Cwm
67%
L 2,447 Llanhilleth
58%
S 1,722 Swffryd
33%
No matching quizzes found
Score Distribution
Percent of People with Each Score
Percentile by Number Answered
Your Score History
You have not taken this quiz